Contemporary Business Communication / (Record no. 798)

000 -LEADER
fixed length control field 00705nam a2200241 a 4500
008 - FIXED-LENGTH DATA ELEMENTS--GENERAL INFORMATION
fixed length control field 191031r20042009ii a|||g |||| 00| 0 eng d
020 ## - INTERNATIONAL STANDARD BOOK NUMBER
International Standard Book Number 9788177225228
Terms of availability Rs. 399.00
040 ## - CATALOGING SOURCE
Original cataloging agency IMU Kochi Library
Language of cataloging eng
041 0# - LANGUAGE CODE
Language code of text/sound track or separate title eng
044 ## - COUNTRY OF PUBLISHING/PRODUCING ENTITY CODE
MARC country code India
082 04 - DEWEY DECIMAL CLASSIFICATION NUMBER
Edition number 23
Classification number 658.45
Item number Ob22
100 1# - MAIN ENTRY--PERSONAL NAME
Personal name Ober, Scot
245 10 - TITLE STATEMENT
Title Contemporary Business Communication /
250 ## - EDITION STATEMENT
Edition statement 5th ed.
260 ## - PUBLICATION, DISTRIBUTION, ETC. (IMPRINT)
Place of publication, distribution, etc New Delhi :
Name of publisher, distributor, etc Biztantra ,
Date of publication, distribution, etc 2004, reprinted 2009
300 ## - PHYSICAL DESCRIPTION
Extent xxiv, 690 p. :
Other physical details ill. ;
Dimensions 27 cm +
Accompanying material 1 CD-ROM
504 ## - BIBLIOGRAPHY, ETC. NOTE
Bibliography, etc Includes Index.
650 #0 - SUBJECT ADDED ENTRY--TOPICAL TERM
Topical term or geographic name as entry element Business communication
General subdivision Business writing
Form subdivision Textbooks
650 #0 - SUBJECT ADDED ENTRY--TOPICAL TERM
Topical term or geographic name as entry element Business communication
General subdivision Case studies
Form subdivision Textbooks
852 ## - LOCATION/CALL NUMBER
Location IMU Kochi Library
904 ## - LOCAL DATA ELEMENT D, LDD (RLIN)
CATALOGER Akhil Bose
942 ## - ADDED ENTRY ELEMENTS (KOHA)
Item type Books
Holdings
Withdrawn status Lost status Source of classification or shelving scheme Damaged status Not for loan Collection code Permanent location Current location Shelving location Date acquired Source of acquisition Cost, normal purchase price Full call number Barcode Date last seen Koha item type Public note
          Management Studies IMU Kochi Library IMU Kochi Library General Stacks 2012-11-12 M/s Unique Book Store (Inv. No. 2012/0314 dt. 2012-11-07) 399.00 658.45 Ob22 BK002107 2019-10-31 Books Gen. Shelf-33, Row-1
          Management Studies IMU Kochi Library IMU Kochi Library General Stacks 2013-06-04 M/s Sterling Book House (Inv. No. 393 dt. 2013-05-23) 399.00 658.45 Ob22 BK002346 2019-10-31 Books Gen. Shelf-33, Row-1
          Management Studies IMU Kochi Library IMU Kochi Library Staff Office 2012-11-12 Accompanying Material (free with textbook)   658.45 Ob22 CD 002107CD 2020-09-14 Compact Disc Circulation Sec, Drawer No.4
          Management Studies IMU Kochi Library IMU Kochi Library Staff Office 2013-06-04 Accompanying Material (free with textbook)   658.45 Ob22 CD 002346CD 2020-09-14 Compact Disc Circulation Sec, Drawer No.4


Copyright © All Rights Reserved by Indian Maritime University, Kochi Campus.
For any Suggestions/Query Contact to library or Email: library.kochi@imu.ac.in Ph:(0484)-2989402
(Web OPAC Designed by Rudra Ranjan. Maintained by IMU Kochi Library)

Powered by Koha